| 000 | 00654nam a2200229 i 4500 | ||
|---|---|---|---|
| 001 | bg | ||
| 100 | 1 | _aRAKOWSKA, Anna | |
| 245 | 1 | 0 |
_aDoskonalenie kompetencji menedżerskich / _cAnna Rakowska, Agnieszka Sitko-Lutek. |
| 260 |
_aWarszawa : _bWydaw. Naukowe PWN, _c2000. |
||
| 300 |
_a120 s. ; _c24 cm. |
||
| 504 | _aBibliogr. | ||
| 650 | 9 | _aMenedżerowie | |
| 650 | 9 |
_aMenedżerowie _xsocjologia _zPolska _yod 1989 r. |
|
| 700 | 1 | _aSITKO-LUTEK, Agnieszka | |
| 020 | _a8301131098 | ||
| 040 | _cBPK | ||
| 041 | 0 | _apl | |
| 080 | _a316.343.653(438)"1989/..." | ||
| 920 | _a83-01-13109-8 | ||
| 942 | _cKS | ||
| 008 | s pl f |000 0 pol | ||
| 999 |
_c40312 _d40312 |
||
| 856 |
_uhttp://koha.tu.koszalin.pl/cgi-bin/koha/opac-detail.pl?biblionumber=40312 _yKatalog online BPK |
||